000 00270nam a2200121 a 4500
008 110107s1972|||| d
100 1 _aLenin, V.I.
245 1 0 _aO náboženstve
260 _bPravda
_aBratislava
_c1972
020 _c5
041 _aslo
044 _axo
_cSK
999 _c15569
_d15569